| 000 | 00455nam a22001817a 4500 | ||
|---|---|---|---|
| 005 | 20230706151829.0 | ||
| 008 | 230706b |||||||| |||| 00| 0 eng d | ||
| 020 | _a9780201799743 | ||
| 082 |
_a006.686 _bHOE-P |
||
| 100 | _aHOESCHEN | ||
| 245 |
_aPHOTOSHOP ELEMENTS 2 _b FOR WINDOWS&MACINTOSH |
||
| 260 |
_aAMERICA _bCraig&Christopher _c2003 |
||
| 300 | _a403 | ||
| 500 | _aINCLUIDE INDEX | ||
| 650 | _aComputer | ||
| 700 | _aHOESCHEN | ||
| 999 |
_c18885 _d18885 |
||